Wedding belles : (Record no. 48256)

MARC details
000 -LEADER
fixed length control field 01775cam a2200277 a 4500
005 - DATE AND TIME OF LATEST TRANSACTION
control field 20031230185550.0
010 ## - LCCN (DPL NO)
LC control number ENG-101649 B-444882-886
020 ## - INTERNATIONAL STANDARD BOOK NUMBER
Terms of availability 595.00
International Standard Book Number 9788184000405
035 ## - SYSTEM CONTROL NUMBER
System control number EN-85182 B-444882-886
037 ## - SOURCE OF ACQUISITION
Source of stock number/acquisition DBAD/PUB
037 ## - SOURCE OF ACQUISITION
Source of stock number/acquisition Allied Pub/Ven
082 ## - DEWEY DECIMAL CLASSIFICATION NUMBER
Classification number 392.50954
245 10 - TITLE STATEMENT
Title Wedding belles :
Remainder of title how to make your dream wedding come true /
Statement of responsibility, etc photographs by Sephi Bergerson ; illustrated by Heema Sabharwal
260 ## - PUBLICATION, DISTRIBUTION, ETC. (IMPRINT)
Place of publication, distribution, etc Noida
Name of publisher, distributor, etc Random House India
Date of publication, distribution, etc 2008
270 ## - ADDRESS
Address Mind Mill Corporate Tower, 2nd Floor, Plot No 24A Sector 16A,
City Noida
Postal code 201301
300 ## - PHYSICAL DESCRIPTION
Extent 285p.:
Dimensions 19cm (pbk)
Other physical details ill
700 ## - ADDED ENTRY--PERSONAL NAME
9 (RLIN) 22431
Personal name Bergerson, Sephi
700 ## - ADDED ENTRY--PERSONAL NAME
Personal name Sabharwal, Heema
9 (RLIN) 24440
942 ## - ADDED ENTRY ELEMENTS (KOHA)
Source of classification or shelving scheme Dewey Decimal Classification
Item type English Books
Call number suffix WED
Classification part 392.50954
Holdings
Withdrawn status Lost status Not for loan Collection code Home library Current library Date acquired Source of acquisition Cost, normal purchase price Full call number Barcode Copy number Cost, replacement price Koha item type
      Non-fiction Bawana Bawana 04/09/2017 Allied Pub/1059/14.09.2011/85/24.3.2011/12.10.2011 595.00 392.50954 WED B-444885 1 595.00 English Books
      Non-fiction Central Library Central Library 01/02/2012 Allied Pub/1059/14.09.2011/85/24.3.2011/12.10.2011 595.00 392.50954 WED B-444882 1 595.00 English Books
    Not For Loan Non-fiction D.B.Act.Division D.B.Act.Division 07/10/2010 DBAD/PUB 595.00 392.50954 WED EN-85182 1 595.00 English Books
      Non-fiction Patel Nagar Patel Nagar 01/02/2012 Allied Pub/1059/14.09.2011/85/24.3.2011/12.10.2011 595.00 392.50954 WED B-444883 1 595.00 English Books
      Non-fiction Sarojini Nagar Sarojini Nagar 01/02/2012 Allied Pub/1059/14.09.2011/85/24.3.2011/12.10.2011 595.00 392.50954 WED B-444884 1 595.00 English Books
      Non-fiction Shahdara Branch Shahdara Branch 01/02/2012 Allied Pub/1059/14.09.2011/85/24.3.2011/12.10.2011 595.00 392.50954 WED B-444886 1 595.00 English Books

© Delhi Public Library
Hit Counter
free hit counter